| 000 | 00974nmm a2200349 a 4500 | ||
|---|---|---|---|
| 003 | AR-BaBNM | ||
| 005 | 20251128210646.0 | ||
| 008 | 170120s1991 ||||||||||||||000 | spa|| | ||
| 040 | _cAR-BaBNM | ||
| 100 | 1 | _aLópez, Jeannette | |
| 245 | 1 | 0 | _aLa mujer y la historia argentina |
| 260 |
_aBuenos Aires _bPlus Ultra _c1991 |
||
| 300 | 0 |
_a152 p. _bláms. |
|
| 500 | 0 | _aContiene referencias bibliográficas | |
| 600 | 1 | 4 |
_aManso, Juana Paula _d1819-1875 |
| 600 | 1 | 4 | _aGorriti, Juana Manuela |
| 600 | 1 | 4 | _aGrierson, Cecilia |
| 600 | 1 | 4 | _aAlbarracín, Paula |
| 600 | 1 | 4 | _aPedraza, Manuela |
| 600 | 1 | 4 | _aRosas, Manuelita |
| 650 | 4 | _aHISTORIA ARGENTINA | |
| 650 | 4 | _aBIOGRAFIAS | |
| 650 | 4 | _aHISTORIOGRAFIA ARGENTINA | |
| 650 | 4 | _aHISTORIA DE LAS COSTUMBRES | |
| 650 | 4 | _aCOSTUMBRES Y TRADICIONES | |
| 650 | 4 | _aSIGLO DIECINUEVE | |
| 650 | 4 | _aMUJERES EN LA VIDA POLITICA | |
| 650 | 4 | _aMUJERES | |
| 651 | 4 | _aArgentina | |
| 942 | _cBK | ||
| 998 | _cMariana | ||
| 999 |
_c16331 _d16331 |
||